[Event "Bucharest Grand Prix op"]
[Site "Bucharest"]
[Date "2024.03.23"]
[Round "2"]
[White "Gavrilescu, David"]
[Black "Sabarez, Iulian"]
[Result "1-0"]
[WhiteElo "2524"]
[BlackElo "1945"]
[PlyCount "49"]
[EventDate "2024.03.23"]
[EventType "swiss (rapid)"]
[EventRounds "10"]
[EventCountry "ROU"]
[SourceTitle "CB13_2024"]
[SourceDate "2024.03.27"]
[SourceVersion "1"]
[SourceVersionDate "2024.03.27"]
[SourceQuality "1"]

1. e4 e5 2. Bc4 Nf6 3. Nc3 Bc5 4. d3 Nc6 5. f4 d6 6. Nf3 Bg4 7. Na4 Bxf3 8. Qxf3 Nd4 9. Qd1 b5 10. Nxc5 bxc4 11. fxe5 dxe5 12. c3 Ne6 13. Qa4+ Nd7 14. Nxe6 fxe6 15. Qxc4 Qh4+ 16. g3 Qf6 17. Rf1 Qg6 18. Qxc7 Ke7 19. b3 Rhc8 20. Ba3+ Ke8 21. Qd6 Qg5 22. Rf3 a5 23. h4 Qd8 24. Qxe6+ Qe7 25. Rf8+ 1-0

[Event "ROM-ch Amateurs"]
[Site "Sebes"]
[Date "2023.02.26"]
[Round "9"]
[White "Sabarez, Iulian"]
[Black "Cordea, David"]
[Result "0-1"]
[WhiteElo "1874"]
[BlackElo "2049"]
[PlyCount "72"]
[EventDate "2023.02.21"]
[EventType "swiss"]
[EventRounds "9"]
[EventCountry "ROU"]
[SourceTitle "CBM 213 Extra"]
[Source "ChessBase"]
[SourceDate "2023.05.31"]
[SourceVersion "1"]
[SourceVersionDate "2023.05.31"]
[SourceQuality "1"]

1. e4 d5 2. exd5 Qxd5 3. Nc3 Qd8 4. d4 Nf6 5. Nf3 e6 6. Bd3 Be7 7. 0-0 0-0 8. Ne2 b6 9. c3 Bb7 10. Ne5 c5 11. Ng3 cxd4 12. cxd4 Qd5 13. Nf3 Nc6 14. Bc2 Rfd8 15. Be3 Rac8 16. a3 Na5 17. Re1 Qd6 18. Ne5 Nc4 19. Nxc4 Rxc4 20. Bd3 Rxd4 21. Bxd4 Qxd4 22. Bf1 Qxb2 23. Qc1 Rd2 24. Qc7 Rd7 25. Qb8+ Bf8 26. a4 Bd5 27. Bb5 Rb7 28. Qf4 Bc5 29. Rad1 h5 30. Re2 Qb3 31. Qd2 Rb8 32. h4 Qxg3 33. Qg5 Ng4 34. Kf1 Qxg2+ 35. Ke1 Bb4+ 36. Red2 Qxf2# 0-1

[Event "ROM-ch Amateurs"]
[Site "Sebes"]
[Date "2023.02.25"]
[Round "8"]
[White "Dragomirescu, Calin"]
[Black "Sabarez, Iulian"]
[Result "1/2-1/2"]
[WhiteElo "1971"]
[BlackElo "1874"]
[PlyCount "104"]
[EventDate "2023.02.21"]
[EventType "swiss"]
[EventRounds "9"]
[EventCountry "ROU"]
[SourceTitle "CBM 213 Extra"]
[Source "ChessBase"]
[SourceDate "2023.05.31"]
[SourceVersion "1"]
[SourceVersionDate "2023.05.31"]
[SourceQuality "1"]

1. d4 Nf6 2. Nf3 e6 3. c4 Bb4+ 4. Bd2 Bxd2+ 5. Nbxd2 d5 6. g3 0-0 7. Bg2 Nbd7 8. 0-0 c6 9. Qc2 Re8 10. e4 dxe4 11. Nxe4 Nxe4 12. Qxe4 c5 13. Rad1 Qb6 14. Qc2 Nf6 15. Rfe1 cxd4 16. Nxd4 Bd7 17. Qb3 Qxb3 18. Nxb3 Rac8 19. Bxb7 Rxc4 20. Rc1 Rb4 21. Bf3 e5 22. Bc6 Bxc6 23. Rxc6 a5 24. Re2 a4 25. Nc1 Rd4 26. Rec2 h6 27. Ne2 Rd1+ 28. Kg2 Nd5 29. Nc3 Nxc3 30. R6xc3 Rb1 31. Ra3 Rb8 32. Rxa4 R8xb2 33. Rc8+ Kh7 34. Ra7 Rb7 35. Rxb7 Rxb7 36. a4 Ra7 37. Rc4 Kg6 38. Kf3 f5 39. Ke3 Kf6 40. Kd3 Ke6 41. Kc3 Kd5 42. Rb4 Rc7+ 43. Kb3 Rc6 44. a5 g5 45. Rb6 Rc5 46. Kb4 Rc2 47. Kb3 Rxf2 48. a6 Rf1 49. Kb2 Rf2+ 50. Ka3 Rf3+ 51. Ka4 Rf1 52. Kb3 Rf2 1/2-1/2

[Event "EU Union-ch U14"]
[Site "Pec pod Snezkou"]
[Date "2022.08.30"]
[Round "9"]
[White "Sabarez, Iulian"]
[Black "Paralieu, Maxime"]
[Result "1/2-1/2"]
[WhiteElo "1702"]
[BlackElo "1898"]
[PlyCount "69"]
[EventDate "2022.08.22"]
[EventType "swiss"]
[EventRounds "9"]
[EventCountry "CZE"]
[SourceTitle "EXT 2023"]
[Source "ChessBase"]
[SourceDate "2022.10.05"]
[SourceVersion "1"]
[SourceVersionDate "2022.10.05"]
[SourceQuality "1"]

1. e4 e5 2. Nf3 Nc6 3. Bb5 a6 4. Ba4 Nf6 5. 0-0 Be7 6. Re1 d6 7. c3 Bg4 8. d3 Nd7 9. Nbd2 Nc5 10. Bc2 Ne6 11. h3 Bh5 12. Nf1 Ng5 13. Bxg5 Bxg5 14. Ng3 Bxf3 15. Qxf3 g6 16. Ba4 0-0 17. Bxc6 bxc6 18. d4 Rb8 19. Re2 Bf6 20. Qd3 Rb6 21. Rd1 exd4 22. cxd4 Qb8 23. Qc2 Re8 24. b3 Qa7 25. e5 dxe5 26. Ne4 Bg7 27. dxe5 Qb8 28. Nf6+ Bxf6 29. exf6 c5 30. Rxe8+ Qxe8 31. Qxc5 Rxf6 32. Qxc7 Qe2 33. Qd8+ Kg7 34. Qd4 Qxa2 35. Rd3 1/2-1/2

[Event "EU Union-ch U14"]
[Site "Pec pod Snezkou"]
[Date "2022.08.26"]
[Round "5"]
[White "Sabarez, Iulian"]
[Black "Fizer, Marek"]
[Result "1/2-1/2"]
[WhiteElo "1702"]
[BlackElo "1998"]
[PlyCount "59"]
[EventDate "2022.08.22"]
[EventType "swiss"]
[EventRounds "9"]
[EventCountry "CZE"]
[SourceTitle "EXT 2023"]
[Source "ChessBase"]
[SourceDate "2022.10.05"]
[SourceVersion "1"]
[SourceVersionDate "2022.10.05"]
[SourceQuality "1"]

1. e4 c5 2. Nf3 Nc6 3. d4 cxd4 4. Nxd4 Nf6 5. Nc3 e5 6. Ndb5 d6 7. Bg5 a6 8. Na3 b5 9. Nd5 Be7 10. Bxf6 Bxf6 11. c4 b4 12. Nc2 a5 13. Qf3 Bg5 14. Bd3 Be6 15. 0-0 0-0 16. b3 g6 17. Qe2 Bxd5 18. cxd5 Nb8 19. a3 bxa3 20. Nxa3 Nd7 21. Nc4 Nc5 22. Bc2 Qc7 23. Ra3 Rfb8 24. Rfa1 a4 25. Nb2 Rb4 26. Nxa4 Rd4 27. Rd1 Qa5 28. Raa1 Qb4 29. Rxd4 exd4 30. Rb1 1/2-1/2

[Event "ROM-ch U14"]
[Site "Eforie Nord"]
[Date "2022.04.18"]
[Round "9"]
[White "Sabarez, Iulian"]
[Black "Radu, David Cr"]
[Result "1-0"]
[WhiteElo "1549"]
[BlackElo "2005"]
[PlyCount "61"]
[EventDate "2022.04.11"]
[EventType "swiss"]
[EventRounds "9"]
[EventCountry "ROU"]
[SourceTitle "EXT 2023"]
[Source "ChessBase"]
[SourceDate "2022.10.05"]
[SourceVersion "1"]
[SourceVersionDate "2022.10.05"]
[SourceQuality "1"]

1. e4 c5 2. Nf3 d6 3. d4 cxd4 4. Nxd4 Nf6 5. f3 a6 6. c4 g6 7. Be3 Bg7 8. Nc3 Nc6 9. Qd2 Bd7 10. Be2 Rc8 11. 0-0 0-0 12. Rab1 Qa5 13. Rfc1 Rfe8 14. b4 Qd8 15. b5 Ne5 16. bxa6 bxa6 17. Nd5 e6 18. Nb6 Rb8 19. Qa5 d5 20. c5 Nc6 21. Qxa6 Nxd4 22. Bxd4 dxe4 23. fxe4 Bb5 24. Bxf6 Bxa6 25. Bxd8 Bxe2 26. Bc7 Rb7 27. Bd6 Rd8 28. e5 Bh6 29. Rc3 Bd2 30. Ra3 Rc8 31. c6 1-0

[Event "ROM-ch U08"]
[Site "Calimanesti"]
[Date "2015.04.05"]
[Round "8"]
[White "Sabarez, Iulian"]
[Black "Ghimpu, Codrin Razvan"]
[Result "1-0"]
[WhiteElo "1466"]
[BlackElo "1078"]
[PlyCount "30"]
[EventDate "2015.03.30"]
[EventType "swiss"]
[EventRounds "9"]
[EventCountry "ROU"]
[SourceTitle "CBM 165 Extra"]
[Source "ChessBase"]
[SourceDate "2015.04.21"]
[SourceVersion "1"]
[SourceVersionDate "2015.04.21"]
[SourceQuality "1"]

1. d4 Nf6 2. Bf4 g6 3. e3 Bg7 4. Nf3 0-0 5. Bc4 d5 6. Bd3 Bg4 7. h3 Bxf3 8. Qxf3 Nc6 9. 0-0 Nb4 10. Qe2 Nxd3 11. Qxd3 Qd7 12. Nc3 Nh5 13. Bh2 c6 14. Ne2 Rfe8 15. e4 e6 1-0

[Event "ROM-ch U08"]
[Site "Calimanesti"]
[Date "2015.04.03"]
[Round "6"]
[White "Sabarez, Iulian"]
[Black "Radoi, Matei"]
[Result "0-1"]
[WhiteElo "1466"]
[BlackElo "1207"]
[PlyCount "74"]
[EventDate "2015.03.30"]
[EventType "swiss"]
[EventRounds "9"]
[EventCountry "ROU"]
[SourceTitle "CBM 165 Extra"]
[Source "ChessBase"]
[SourceDate "2015.04.21"]
[SourceVersion "1"]
[SourceVersionDate "2015.04.21"]
[SourceQuality "1"]

1. d4 Nf6 2. Bg5 h6 3. Bxf6 exf6 4. e4 d6 5. Nc3 Nc6 6. Bb5 Bd7 7. d5 Ne5 8. Bxd7+ Qxd7 9. Qe2 a6 10. Nf3 Be7 11. Nxe5 fxe5 12. Qf3 0-0 13. g4 b5 14. h4 b4 15. Ne2 f6 16. Qg3 Qa4 17. b3 Qa3 18. 0-0 a5 19. Qd3 a4 20. Kg2 Rfc8 21. Rab1 c5 22. c3 Rcb8 23. Ra1 bxc3 24. Qxc3 Qb4 25. Qxb4 Rxb4 26. Rab1 Rxe4 27. Nc3 Rxg4+ 28. Kh3 f5 29. bxa4 Rxh4+ 30. Kg3 Rg4+ 31. Kf3 Bf6 32. Ke2 e4 33. Nb5 Be5 34. f3 Rg2+ 35. Rf2 exf3+ 36. Kxf3 Rxf2+ 37. Kxf2 Rxa4 0-1

[Event "ROM-ch U08"]
[Site "Calimanesti"]
[Date "2015.03.31"]
[Round "2"]
[White "Sabarez, Iulian"]
[Black "Cociota, Claudiu George"]
[Result "1-0"]
[WhiteElo "1466"]
[BlackElo "1124"]
[PlyCount "33"]
[EventDate "2015.03.30"]
[EventType "swiss"]
[EventRounds "9"]
[EventCountry "ROU"]
[SourceTitle "CBM 165 Extra"]
[Source "ChessBase"]
[SourceDate "2015.04.21"]
[SourceVersion "1"]
[SourceVersionDate "2015.04.21"]
[SourceQuality "1"]

1. d4 d5 2. Nf3 Bg4 3. Bf4 Bxf3 4. exf3 Nc6 5. c4 dxc4 6. d5 Nb4 7. Qa4+ Qd7 8. Qxb4 Qxd5 9. Nc3 Qd4 10. Bg3 e6 11. Qa4+ Qd7 12. Qxd7+ Kxd7 13. 0-0-0+ Kc8 14. Nb5 c6 15. Nc7 Rb8 16. Nxe6 Ra8 17. Rd8# 1-0